Представление документа в формате RUSMARC

ПолеНазваниеЗначение
  Тип записи a
  Библиографический уровень m
001 Контрольный номер 67f17c0f33f04e32bc0d4a64eb22008d
005 Дата корректировки 20150715140519.8
010 Индекс ISBN __
a ISBN 5-222-02123-8
200 Заглавие и сведения об ответственности 1_
a Заглавие Сценарии праздников,конкурсов,дискотек для студентов. От сессии до сессии живут студенты весело
f Первые сведения об ответственности Н. В. Кулешова
210 Выходные данные 1_
a Место издания Ростов н/Д
c Издательство Феникс
d Дата издания 2002
215 Физическое описание __
a Объем 320 с.
225 Серия 2_
a Серия Школа радости
610 Ключевые слова 0_
a Ключевые слова сценарии
a Ключевые слова конкурсы
a Ключевые слова дискотеки
686 Индексы других классификаций __
a Классификационный индекс 85.34
2 Код системы rubbk
700 Автор _1
a Фамилия Кулешова
b Имя Н. В.
g Полное личное имя Надежда Викторовна
801 Источник записи _0
a Страна RU
b Организация РУК
c Дата составления 20150715
g Правила каталогизации PSBO
801 Источник записи _1
a Страна RU
b Организация РУК
c Дата составления 20150715
g Правила каталогизации PSBO
852 Данные о местонахождении __
i Авторский знак К90
j Шифр хранения ББК 85
901 Тип документа __
t Тип документа m
938 Служебная информация __
a Название организации Владимирский филиал
938 Служебная информация __
a Название организации Владимирский филиал